MARC

LEADER 00000nam0a2200000 4500
001 362031
005 20231102011441.0
035 |a (RuTPU)RU\TPU\retro\19377 
090 |a 362031 
100 |a 20210713d1980 km y0rusy50 ca 
101 0 |a rus 
102 |a UA 
105 |a a z 001zy 
200 1 |a Предупредительный санитарный надзор в промышленности и сельском хозяйстве  |f Ю. И. Кундиев, О. В. Чебанова, Е. П. Тупчий 
210 |a Киев  |c Здоров'я  |d 1980 
215 |a 208 с.  |c ил. 
320 |a Библиогр.: с. 203-206 
606 1 |a Санитарный надзор  |2 stltpush  |3 (RuTPU)RU\TPU\subj\53834  |9 71999 
610 1 |a гигиена труда 
610 1 |a промышленность 
610 1 |a сельское хозяйство 
610 1 |a проекты 
610 1 |a гигиенические требования 
610 1 |a типовое проектирование 
610 1 |a строительство 
610 1 |a реконструкция 
610 1 |a объекты 
610 1 |a прием 
610 1 |a эксплуатация 
610 1 |a технологические процессы 
610 1 |a оборудование 
610 1 |a предупредительный надзор 
675 |a 614.3  |v 4 
700 1 |a Кундиев  |b Ю. И.  |g Юрий Ильич 
701 1 |a Чебанова  |b О. В.  |g Ольга Васильевна 
701 1 |a Тупчий  |b Е. П.  |g Евгений Петрович 
801 1 |a RU  |b 63413507  |c 20210713 
801 2 |a RU  |b 63413507  |c 20210713  |g RCR 
942 |c BK